Регионална библиотека "Любен Каравелов" - Русе

Функционална хематология (Запис номер 56877)

MARC детайли
000 -Лидер
Контролно поле с фиксирана дължина 01732nam a2200325 c 4500
003 - Код на организацията, давaща контролен номер
Контролно поле BLK
005 - Дата и час на последна редакция
Контролно поле 20180420222630.0
008 - Елементи от данни с фиксирана дължина
fixed length control field 180408b bul|||||r ||||||| ||bul||
010 ## - Наследен системен номер
LC control number KNG00060864000
040 ## - Източник на каталожния запис
Идентификатор на билиотеката - собственик на записа BLK
041 ## - Код за език
Код за езика на текст/звукозапис или на отделно заглавие Български
Код за езика КДБФ Български
080 ## - УДК
Текстов определител УДК Кръв. Кръвообращение. Вж и 616.15
УДК код - определител по УДК 612.1
УДК определител
УДК - код + определител 612.1
080 ## - УДК
Текстов определител УДК Болести на кръвта. Патологична хематология. Хематологични реакции - Хемофилия, ацидоза, бацилемия, хипергликемия, хипогликемия, хемоглобинопатия, диспротеинемия. Вж и 616. 94
УДК код - определител по УДК 616.15
УДК определител
УДК - код + определител 616.15
100 1# - Редна дума - Автор
Автор Истаманова, Татяна Сергеевна
Авторска отговорност първи автор
R(LIN) 73205
139 ## - Редно поле
Редна дума Истаманова, Татяна Сергеевна и др.
Авторски знак Ист - И 94
245 10 - Сведения за заглавието
Заглавие Функционална хематология
Подзаглавни данни Моногр.
Редно поле (дума) Татяна Сергеевна Истаманова; съавт. Владимир Андреевич Алмазов; съавт. Сергей Василиевич Канаев; прев. от рус. Борис Клюс.
257 ## - Страна на издаване
Страна на създаване/издаване България
260 ## - Област на издателските данни
-- Пловдив
Име на издателя, разпространителя и проч. Христо Г. Данов
Година на издаване 1976
300 ## - Физическа характеристика
Страници 368 с.
Размери/Мащаб 20 см
380 ## - Жанр
Жанр Медицина
650 #4 - Допълнително описание по предмет – тема
Основно описание – тема или топоним Хематология
9 (RLIN) 176390
700 1# - Други автори (авторска отговорност)
Лично име Алмазов, Владимир Андреевич
Автороска отговорност (Описва отношението между автора и произведението) съавт.
9 (RLIN) 287177
700 1# - Други автори (авторска отговорност)
Лично име Канаев, Сергей Василиевич
Автороска отговорност (Описва отношението между автора и произведението) съавт.
9 (RLIN) 287178
700 1# - Други автори (авторска отговорност)
Лично име Клюс, Борис
Автороска отговорност (Описва отношението между автора и произведението) прев. от рус.
9 (RLIN) 79867
852 ## - Местоположение
Форматна сигнатура Цб 80978
856 4# - Електронен адрес и достъп
Електронен формат pdf - файл
Път до файла /url/
856 4# - Електронен адрес и достъп
Електронен формат pdf - файл
Път до файла /url/
942 ## - АРТИКУЛИ
Вид на библиотечния материал Книги
Скрит в OPAC Не
944 ## - СЪЗДАВАНЕ И РЕДАКЦИЯ на ЗАПИСА
Създаване/Редакция Създаване
Дата на регистрацията/редакция 13.06.2004
Служител, извършил регистрацията/редакцията Геновева_Генчева
944 ## - СЪЗДАВАНЕ И РЕДАКЦИЯ на ЗАПИСА
Създаване/Редакция Редакция
Дата на регистрацията/редакция 22.06.2016
Служител, извършил регистрацията/редакцията Нора_Радева
999 ## - СИСТЕМНИ КОНТРОЛНИ НОМЕРА
Koha biblionumber 56877
Koha biblioitemnumber 56877
Наличности
Код за отписване Код за изгубен артикул Източник на класификационната схема Код за повреда Коз за рестрикции Код за отдаване Артикулен № Име на библиотеката - собственик Име на библиотеката, в която се намира в момента Статус (Текущо местоположение) Дата на вписване в системата Местоположение - отдел Цена в лева Инвентарен номер Систематично азбучна сигнатура Баркод Номер на екземпляра Цена в евро Служебна бележка Служебен тип на артикула
Изтеглен Не е изгубен Universal Decimal Classification Не е повреден без рестрикции ползва се в читалня 91105 Регионална библиотека "Любен Каравелов" Русе Регионална библиотека "Любен Каравелов" Русе Читалня 1993-01-01 Читалня 2.16 222194 Ч 612/И94Т 222194 1 1.10 Дата инв: 17.03.2017 Бележки инв: Ч2017 Книги
  Не е изгубен Universal Decimal Classification Не е повреден само за читалня ползва се в читалня 91106 Регионална библиотека "Любен Каравелов" Русе Регионална библиотека "Любен Каравелов" Русе Хранилище 1976-01-01 Хранилище 2.16 207281 Цб 80978 120000207281 2 1.10 Дост: Dp Вид: Д N: стар фонд Дата: 01.01.1976 Книги
Vip Innovations Ltd, Rousse, Bulgaria 2025